| 000 | 00000nam 2200000zi 4500 |
| 001 | 9.921477 |
| 003 | CaOODSP |
| 005 | 20230425155443 |
| 006 | m o d f |
| 007 | cr cn||||||||| |
| 008 | 230403e202304##qucabd ob f000 0 eng d |
| 020 | |a9780660482774 |
| 040 | |aCaOODSP|beng|erda|cCaOODSP |
| 043 | |an-cn--- |
| 086 | 1 |aFs70-6/2023-015E-PDF |
| 245 | 00|aAssessment of the northern contingent of Atlantic mackerel (Scomber scombrus) in 2022. |
| 264 | 1|aMont-Joli (Qc) : |bCanadian Science Advisory Secretariat, |cApril 2023. |
| 264 | 4|c©2023 |
| 300 | |a1 online resource (16 pages) : |billustration, map, graphs. |
| 336 | |atext|btxt|2rdacontent |
| 337 | |acomputer|bc|2rdamedia |
| 338 | |aonline resource|bcr|2rdacarrier |
| 490 | 1 |aScience advisory report, |x1919-5087 ; |v2023/015 |
| 500 | |aCaption title. |
| 500 | |aIssued also in French under title: Évaluation du contingent du nord du maquereau bleu (Scomber scombrus) en 2022. |
| 504 | |aIncludes bibliographical references (pages 12-13). |
| 650 | 0|aAtlantic mackerel fisheries|zNorth Atlantic Ocean. |
| 650 | 0|aFish stock assessment|zNorth Atlantic Ocean. |
| 710 | 2 |aCanadian Science Advisory Secretariat, |eissuing body. |
| 710 | 1 |aCanada. |bDepartment of Fisheries and Oceans. |bQuebec Region, |eissuing body. |
| 775 | 08|tÉvaluation du contingent du nord du maquereau bleu (Scomber scombrus) en 2022.|w(CaOODSP)9.921480 |
| 830 | #0|aScience advisory report (Canadian Science Advisory Secretariat)|x1919-5087 ; |v2023/015.|w(CaOODSP)9.506226 |
| 856 | 40|qPDF|s1.26 MB|uhttps://publications.gc.ca/collections/collection_2023/mpo-dfo/fs70-6/Fs70-6-2023-015-eng.pdf |